| 000 | 01227nam a22004217a 4500 | ||
|---|---|---|---|
| 001 | BR0702957 | ||
| 003 | BR-BrBNA | ||
| 005 | 20230928102444.0 | ||
| 007 | ta | ||
| 008 | 230509b bl.||||| |||| 00| 0 por d | ||
| 040 |
_aBR-BrBNA _bpor _cBiblioteca Nacional de Agricultura |
||
| 041 | _a(Por) | ||
| 072 |
_aH10; H60; F70 _b4020 _b3876 |
||
| 090 | _ 4020 BR0702957 | ||
| 100 | 1 | _aAlencar, J.A. de | |
| 100 | 1 | _aKiill, L.H.P. | |
| 100 | 1 | _aVasconcelos, S.D. | |
| 100 | 1 | _aBarbosa, F.R. | |
| 100 | 1 | _aHaji, F.N.P. | |
| 100 | 1 | _aAlencar, P.C.G. de | |
| 110 | 1 |
_aBanco do Nordeste do Brasil, Fortaleza, CE (Brasil) _91130 |
|
| 245 | 1 | _aIdentificação de plantas invasoras e silvestres hospedeiras da mosca-branca no semi-árido do nordeste brasileiro | |
| 260 | 3 |
_aFortaleza, CE (Brasil): _c2006. |
|
| 300 | _a124 p. | ||
| 500 | _a52 illus. | ||
| 650 | _aMOSCA BRANCA | ||
| 650 | _aBENESIA TABACI | ||
| 650 | _aPRAGA DE PLANTA | ||
| 650 | _aPLANTA HOSPEDEIRA | ||
| 650 | _aCONTROLE QUÍMICO | ||
| 650 | _aCONTROLE INTEGRADO | ||
| 650 | _aERVA DANINHA | ||
| 650 | _aPLANTA SILVESTRE | ||
| 650 | _aTAXONOMIA VEGETAL | ||
| 650 | _aNORDESTE | ||
| 909 |
_a202309 _bLucia _c55 _dLucia Elande |
||
| 942 | _cBK | ||
| 999 |
_c70850 _d70850 |
||